000 00489nam a2200193Ia 4500
003 GCL
008 140319s9999 xx 000 0 eng d
040 _aGCL /
_cGCL
082 0 4 _a823
_bD H
100 1 _aDICKENS, CHARLES
245 1 0 _aHARD TIMES /
_cDICKENS, CHARLES
700 1 _aSCHLICKE, PAUL
260 _a[S.N] :
_bOXFORD UNIVERSITY PRESS ،
_c1989
300 _a430 P
650 0 4 _aENGLISH LITERATURE
650 0 4 _aLITERATURE
650 0 4 _aENGLISH FICTION
942 _2ddc
_cBK
999 _c15864
_d15864